| 000 | 01305cam a22003617a 4500 | ||
|---|---|---|---|
| 003 | CHAP | ||
| 005 | 20220329134247.0 | ||
| 008 | 971013s1965 r 00010 d | ||
| 010 | _a17760 | ||
| 011 | _a18732 | ||
| 035 | _a22817 | ||
| 040 | _cCHAP | ||
| 082 |
_a631.3 _bJ65Y |
||
| 100 | 0 | 0 |
_aJones, Mack Marquis. _962049 |
| 245 | 1 | 3 | _aEl taller en la granja |
| 260 |
_aMéxico, D.F., : _bNovaro-McGraw-Hill, _c1965 |
||
| 300 | _a616 p | ||
| 590 |
_aBATCH-UPD _b10 _c20130109 _lUCH01 _h2350 |
||
| 590 |
_aBATCH-UPD _b10 _c20130110 _lUCH01 _h1956 |
||
| 590 |
_aBATCH-UPD _b10 _c20130410 _lUCH01 _h1317 |
||
| 590 |
_aBATCH-UPD _b10 _c20130914 _lUCH01 _h1639 |
||
| 590 |
_aCONVERSION _b10 _c20130109 _lUCH01 _h1311 |
||
| 650 | 1 | 4 |
_aIngeniería agrícola. _958196 |
| 650 | 1 | 4 |
_aMaquinaria agrícola. _971151 |
| 901 | _aBK | ||
| 942 | _cLIBRO | ||
| 949 |
_a631.3 J65Y _bBC _cLIBRO _d-53270 _eLIBRO _h17551 _i22817 _mD _si |
||
| 949 |
_a631.3 J65Y _bBC _cLIBRO _d-58787 _eLIBRO _fc.2 _i22817 _mD _si |
||
| 949 |
_a631.3 J65Y _bBC _cLIBRO _d-58788 _eLIBRO _fc.3 _i22817 _mD _si |
||
| 949 |
_a631.3 J65Y _bBC _cLIBRO _d33724000057956 _eLIBRO _fc.6 _h39621 _i22817 _mD _si |
||
| 949 |
_a631.3 J65Y _bBC _cLIBRO _d33724000057964 _eLIBRO _fc.5 _h20745 _i22817 _mD _si |
||
| 949 |
_a631.3 J65Y _bBC _cLIBRO _d33724000906954 _eLIBRO _fc.4 _h20744 _i22817 _mD _si |
||
| 999 |
_c17760 _d17760 |
||